00416nam a2200169Ia 4500008004100000020001800041245003200059245004200091260001500133260001600148260000900164300001400173300002200187300001000209500000800219999001900227170705s9999 xx 000 0 und d a9780099408390 aWhere the wild things are / cstory and pictures by Maurice Sendak. aNew York : bScholastic, c1963 aunpaged : bchiefly colored ; c23cm. a740 c337323d337323